| 000 | 02184nam a2200541 a 4500 | ||
|---|---|---|---|
| 008 | 210329b2005 spa||||| |||| 00| 0 sp d | ||
| 020 | _a8479039779 | ||
| 041 | _aspa | ||
| 092 |
_c611.7 _l68 _sPRO |
||
| 245 |
_aPrometheus. Texto y atlas de anatomia. _bT.1 Anatomia general y aparato locomotor / _cMichael Schunke |
||
| 250 |
_a1a ed. _bTraducción Heimann, Ana ; Merí Vived, Alex y Perramón Serra, Gema. Ilustrado por Voll, Markus y Wesker, Karl. |
||
| 260 |
_aBuenos Aires ; Madrid: _bEditorial Médica Panamericana; _c2005. |
||
| 300 |
_a539 p. _b1694 ilustraciones y 100 tablas |
||
| 500 | _aSchunke, M. et al. (2005). Prometheus. Texto y atlas de anatomía. T.1 Anatomía general y aparato locomotor. (1a ed.). Buenos Aires ; Madrid : Editorial Médica Panamericana. | ||
| 590 | _aDonacion Dra. Polini | ||
| 653 | _aAnatomía general | ||
| 653 | _aFilogenésis y desarrollo del ser humano | ||
| 653 | _aVisión general del cuerpo humano | ||
| 653 | _aAnatomía de superficie y términos de orientación del cuerpo | ||
| 653 | _aHuesos y articulaciones | ||
| 653 | _aMúsculos | ||
| 653 | _aVasos | ||
| 653 | _aSistema linfático y glándulas | ||
| 653 | _aNeuroanatomia general | ||
| 653 | _aTronco | ||
| 653 | _aHuesos, ligamentos y articulaciones | ||
| 653 | _aSistemática muscular | ||
| 653 | _aTopografía muscular | ||
| 653 | _aSistemática de las vías de conducción | ||
| 653 | _aTopografía de las vías de conducción | ||
| 653 | _aMiembro Superior | ||
| 653 | _aHuesos, ligamentos y articulaciones | ||
| 653 | _aSistemática muscular | ||
| 653 | _aTopografía muscular | ||
| 653 | _aSistemática de las vías de conducción | ||
| 653 | _aTopografía de las vías de conducción | ||
| 653 | _aMiembro Inferior | ||
| 653 | _aHuesos, ligamentos y articulaciones | ||
| 653 | _aSistemática muscular | ||
| 653 | _aTopografía muscular | ||
| 653 | _aSistemática de las vías de conducción | ||
| 653 | _aTopografía de las vías de conducción | ||
| 700 | 1 |
_aSchünke, Michael _94142 |
|
| 700 | 1 |
_aSchulte, Erik _94143 |
|
| 700 | 1 |
_aSchumacher, Udo _94144 |
|
| 700 | 1 |
_aRude, Jurgen _eCol. _94145 |
|
| 942 |
_2ddc _cBK |
||
| 999 |
_c3107 _d3107 |
||